000 003570000a22001450004500
003 MACL
040 _aMACL
090 _c45199
_d45197
100 _aPandey, DC
245 _aMechanics Part-2
_bUnderstanding Physics For IIT JEE Engineering Enterances
260 _bArihant Prakashan,Meerut
350 _a225
650 _aMechanics
942 _cBOOK
_k621/PAN
999 _c44736
_d44736